[Event "16th Delhi Open 2018"]
[Site "New Delhi IND"]
[Date "2018.01.13"]
[Round "7.1"]
[White "Rahman, Ziaur"]
[Black "Naiditsch, Arkadij"]
[Result "0-1"]
[WhiteTitle "GM"]
[BlackTitle "GM"]
[WhiteElo "2472"]
[BlackElo "2701"]
[WhiteFideId "10200037"]
[BlackFideId "4650891"]
[EventDate "2018.01.09"]

1. Nf3 Nf6 2. c4 g6 3. b4 Bg7 4. Bb2 O-O 5. g3 c6 6. Bg2 d5 7. cxd5 Nxd5 8. Bxg7
Kxg7 9. a3 a5 10. Nc3 Nxc3 11. dxc3 Qxd1+ 12. Rxd1 axb4 13. axb4 Ra3 14. Rc1 Na6
15. O-O Rd8 16. Ne5 Be6 17. Ra1 Rxa1 18. Rxa1 Nc7 19. h4 Nb5 20. c4 Nc3 21. b5
cxb5 22. cxb5 f6 23. Nf3 Nxe2+ 24. Kh2 Nc3 25. Ra7 Bd5 26. Nd4 Kf7 27. Nc2 Nxb5
28. Bxd5+ Rxd5 29. Rxb7 Rd2 30. Kg1 Nd6 31. Rc7 Ne4 32. Nb4 Nxf2 33. Nc6 Ke6 34.
Nxe7 Ng4 35. Nc8 h5 36. Nb6 Ne3 37. Kh1 Rd3 38. Na4 Kf5 39. Nb2 Rb3 40. Nc4 Nxc4 0-1

[Event "16th Delhi Open 2018"]
[Site "New Delhi IND"]
[Date "2018.01.13"]
[Round "7.2"]
[White "Tran, Tuan Minh"]
[Black "Karthikeyan, Murali"]
[Result "0-1"]
[WhiteTitle "GM"]
[BlackTitle "GM"]
[WhiteElo "2548"]
[BlackElo "2580"]
[WhiteFideId "12401820"]
[BlackFideId "5074452"]
[EventDate "2018.01.09"]

1. d4 Nf6 2. c4 g6 3. Nc3 Bg7 4. e4 d6 5. Nf3 O-O 6. Be2 e5 7. O-O Na6 8. Rb1
exd4 9. Nxd4 Re8 10. Bf3 Nc5 11. Re1 Bg4 12. Bg5 h6 13. Bxf6 Bxf3 14. Qxf3 Qxf6
15. Qxf6 Bxf6 16. Ndb5 Ne6 17. Nd5 Bd8 18. Rbd1 a6 19. Nbc3 c6 20. Ne3 Be7 21.
g3 Rad8 22. f3 Nc5 23. b4 Nd7 24. Kf2 d5 25. cxd5 Bxb4 26. Rc1 Ne5 27. Red1 Bc5
28. Ke2 Kg7 29. dxc6 Nxc6 30. Rxd8 Rxd8 31. Ncd5 Ba7 32. f4 Nd4+ 33. Kd3 Ne6 34.
Ke2 b5 35. h4 h5 36. e5 a5 37. Kf3 b4 38. Ke4 Nc5+ 39. Kf3 Ne6 40. Ra1 Bxe3 41.
Nxe3 Rd2 42. Nc4 Rd3+ 43. Kf2 a4 44. Rb1 b3 45. axb3 axb3 46. Nd6 Nd4 47. Ne4
Rf3+ 48. Kg2 Re3 49. Nc5 Rc3 50. Na4 Rc4 51. Nb6 Rc2+ 52. Kh3 Nf3 53. g4 Nd2 0-1

[Event "16th Delhi Open 2018"]
[Site "New Delhi IND"]
[Date "2018.01.13"]
[Round "7.3"]
[White "Vignesh, N R"]
[Black "Rozum, Ivan"]
[Result "1/2-1/2"]
[WhiteTitle "IM"]
[BlackTitle "GM"]
[WhiteElo "2470"]
[BlackElo "2595"]
[WhiteFideId "25012215"]
[BlackFideId "24104272"]
[EventDate "2018.01.09"]

1. e4 d6 2. d4 Nf6 3. Nc3 g6 4. f3 c6 5. Be3 Nbd7 6. Qd2 b5 7. O-O-O Bg7 8. Bh6
Bxh6 9. Qxh6 Qa5 10. Kb1 Bb7 11. Nh3 O-O-O 12. a3 a6 13. Qd2 Qc7 14. Na2 e5 15.
c4 Qb6 16. cxb5 axb5 17. Be2 exd4 18. Qxd4 Qxd4 19. Rxd4 Nb6 20. Rc1 Kb8 21. Nf2
Rhe8 22. Rd2 d5 23. Nb4 Nc4 24. Bxc4 dxc4 25. Rcd1 Rxd2 26. Rxd2 Kc7 27. a4 Nd7
28. axb5 cxb5 29. Nd1 f5 30. Nc3 Bc6 31. Nxc6 Kxc6 32. Nxb5 fxe4 33. Na7+ Kc7
34. Nb5+ Kc6 35. Na7+ 1/2-1/2

[Event "16th Delhi Open 2018"]
[Site "New Delhi IND"]
[Date "2018.01.13"]
[Round "7.4"]
[White "Sengupta, Deep"]
[Black "Sivuk, Vitaly"]
[Result "1/2-1/2"]
[WhiteTitle "GM"]
[BlackTitle "GM"]
[WhiteElo "2586"]
[BlackElo "2550"]
[WhiteFideId "5008352"]
[BlackFideId "14116502"]
[EventDate "2018.01.09"]

1. e4 c6 2. d4 d5 3. e5 Bf5 4. Nf3 e6 5. Be2 Nd7 6. O-O Bg6 7. Nbd2 Nh6 8. Nb3
Nf5 9. a4 Be7 10. c3 Qc7 11. a5 a6 12. Bg5 h6 13. Bxe7 Nxe7 14. c4 dxc4 15. Nbd2
b5 16. axb6 Nxb6 17. Qc1 O-O 18. Nxc4 Nxc4 19. Qxc4 a5 20. Nd2 Rfd8 21. Nb3 Qb6
22. Rfc1 Rab8 23. Bd1 Be4 24. Nc5 Bd5 25. Qd3 Qb5 26. Bc2 Qxd3 27. Bxd3 Rxb2 28.
Rxa5 Rb4 29. Ra4 Rxa4 30. Nxa4 g5 31. Nc5 Kg7 32. f3 Ra8 33. Kf2 Ra3 34. Rc2 h5
35. h3 h4 36. Rb2 Nf5 37. Bxf5 exf5 38. Rb7 Ra2+ 39. Kg1 g4 40. hxg4 fxg4 41. e6
g3 42. Kf1 h3 43. gxh3 Kg6 44. Ne4 fxe6 45. Nxg3 c5 46. Rc7 cxd4 47. Ne2 e5 48.
Rc5 Bxf3 49. Rxe5 Kf6 50. Re8 Bc6 51. Rd8 Bb5 52. Rxd4 Rxe2 53. Kg1 Ke5 54. Rg4
Bc6 55. h4 Bf3 56. Rb4 Be4 57. Kf1 Rh2 58. Ke1 Kf4 59. Kd1 Ke3 60. Rb3+ Bd3 61.
Kc1 Kd4 62. Rb2 Rh3 63. Kd2 Bc4 64. h5 Bb3 65. h6 Kc4 66. h7 Rxh7 67. Ke3 Kc3
68. Rf2 Bd5 69. Kf4 Re7 70. Kg3 Kd3 71. Kf4 Re8 72. Rb2 Bc4 73. Rf2 Kd4 74. Rd2+
Bd3 75. Rf2 Re7 76. Rf3 Rg7 77. Rf2 Rg8 78. Rf3 Rf8+ 79. Kg3 Bf5 80. Rf2 Ke5 81.
Rf3 Rh8 82. Kf2 Be4 83. Rf7 Rh2+ 84. Ke3 Rh3+ 85. Kf2 Bf5 86. Ke2 Ke4 87. Kd2
Rf3 88. Rb7 Rd3+ 89. Kc2 Kd4 90. Rb4+ Kc5 91. Rb3 Rf3+ 92. Kb2 Rf2+ 93. Kc1 Kd4
94. Rb2 Rf1+ 95. Kd2 Bd3 96. Rb4+ Bc4 97. Rb2 Rh1 98. Rc2 Bb3 99. Rb2 Rh3 100.
Kc1 Rc3+ 101. Kd2 Rd3+ 102. Ke2 Ke4 103. Kf2 Kf4 104. Ke1 Rh3 105. Kd2 Ke4 106.
Ke1 Bc4 107. Kd2 Kd4 108. Rc2 Bd5 109. Rb2 Rh1 110. Rb4+ Bc4 111. Rb2 Ra1 112.
Kc2 Bd3+ 113. Kd2 Ra4 114. Rb3 Ra2+ 115. Kc1 Ke3 116. Rc3 Rh2 117. Rb3 Rg2 118.
Rc3 Kd4 119. Rb3 Rc2+ 120. Kb1 Be4 121. Ka1 Bd5 122. Rb2 Rc5 123. Rd2+ Ke3 124.
Rh2 Ra5+ 125. Kb1 Rb5+ 126. Rb2 Be4+ 127. Ka2 Rh5 1/2-1/2

[Event "16th Delhi Open 2018"]
[Site "New Delhi IND"]
[Date "2018.01.13"]
[Round "7.5"]
[White "Akash Pc, Iyer"]
[Black "Tiviakov, Sergei"]
[Result "1/2-1/2"]
[BlackTitle "GM"]
[WhiteElo "2415"]
[BlackElo "2584"]
[WhiteFideId "5006775"]
[BlackFideId "1008013"]
[EventDate "2018.01.09"]

1. d4 Nf6 2. c4 e6 3. Nc3 Bb4 4. e3 O-O 5. Bd3 d5 6. Nf3 b6 7. a3 Bxc3+ 8. bxc3
Ba6 9. cxd5 Bxd3 10. Qxd3 Qxd5 11. O-O c5 12. Re1 Qe4 13. Qe2 Rc8 14. Bb2 Nbd7
15. Rac1 Rc7 16. Nd2 Qb7 17. e4 Rac8 18. Qd3 b5 19. f3 c4 20. Qe2 e5 21. Ba1 a5
22. Nf1 exd4 23. cxd4 b4 24. axb4 axb4 25. Ne3 c3 26. Nf5 Rd8 27. Qe3 g6 28. e5
Ne8 29. Qg5 f6 30. Nh6+ Kg7 31. Nf5+ Kg8 32. Nh6+ Kg7 33. Nf5+ Kg8 34. Nh6+ 1/2-1/2

[Event "16th Delhi Open 2018"]
[Site "New Delhi IND"]
[Date "2018.01.13"]
[Round "7.6"]
[White "Mohammad, Nubairshah Shaikh"]
[Black "David, Alberto"]
[Result "1/2-1/2"]
[WhiteTitle "IM"]
[BlackTitle "GM"]
[WhiteElo "2380"]
[BlackElo "2553"]
[WhiteFideId "5053196"]
[BlackFideId "4000013"]
[EventDate "2018.01.09"]

1. d4 Nf6 2. c4 e6 3. Nc3 Bb4 4. e3 O-O 5. Ne2 d5 6. a3 Be7 7. cxd5 exd5 8. g3
a5 9. Bg2 Na6 10. O-O c6 11. Qc2 Nc7 12. Bd2 Ne6 13. Rad1 b5 14. Bc1 Ba6 15.
Rfe1 Rc8 16. e4 b4 17. axb4 axb4 18. e5 bxc3 19. exf6 1/2-1/2

[Event "16th Delhi Open 2018"]
[Site "New Delhi IND"]
[Date "2018.01.13"]
[Round "7.7"]
[White "Gajwa, Ankit"]
[Black "Vaibhav, Suri"]
[Result "0-1"]
[WhiteTitle "FM"]
[BlackTitle "GM"]
[WhiteElo "2284"]
[BlackElo "2542"]
[WhiteFideId "5077834"]
[BlackFideId "5045185"]
[EventDate "2018.01.09"]

1. e4 e6 2. d4 d5 3. Nc3 Bb4 4. e5 c5 5. a3 Bxc3+ 6. bxc3 Qa5 7. Bd2 Qa4 8. Qg4
Kf8 9. Qd1 b6 10. dxc5 bxc5 11. Nf3 Ne7 12. Bd3 Nd7 13. O-O Ba6 14. Rb1 h6 15.
Re1 Kg8 16. h3 c4 17. Bf1 Nc6 18. Bf4 Kh7 19. Nh2 Ne7 20. Qc1 Qa5 21. Nf3 Rab8
22. Rb4 Nc6 23. Nd4 Nxd4 24. cxd4 c3 25. Re3 Bxf1 26. Qxf1 g5 27. Rg3 Qxa3 28.
Qd3+ Kg7 29. Bxg5 hxg5 30. Rxg5+ Kf8 31. Rxb8+ Nxb8 32. Qb5 Qc1+ 0-1

[Event "16th Delhi Open 2018"]
[Site "New Delhi IND"]
[Date "2018.01.13"]
[Round "7.8"]
[White "Amonatov, Farrukh"]
[Black "Sindarov, Javokhir"]
[Result "1-0"]
[WhiteTitle "GM"]
[BlackTitle "IM"]
[WhiteElo "2636"]
[BlackElo "2429"]
[WhiteFideId "14700077"]
[BlackFideId "14205483"]
[EventDate "2018.01.09"]

1. e4 e5 2. Nf3 Nc6 3. Bb5 a6 4. Ba4 g6 5. c3 d6 6. d4 Bd7 7. O-O Bg7 8. d5 Nce7
9. Bxd7+ Qxd7 10. c4 h6 11. Nc3 f5 12. Ne1 Nf6 13. f3 O-O 14. Nd3 f4 15. c5 g5
16. Qa4 Qd8 17. Qb3 Rb8 18. cxd6 cxd6 19. Nxe5 dxe5 20. d6+ Kh8 21. dxe7 Qxe7
22. Bd2 g4 23. Be1 gxf3 24. gxf3 Qd7 25. Rd1 Qh3 26. Rd2 Rg8 27. Rg2 Nh7 28. Kh1
Bf6 29. Qc2 Rg5 30. Qe2 Rbg8 31. Rxg5 hxg5 32. Qg2 Qxg2+ 33. Kxg2 g4 34. fxg4
Rxg4+ 35. Kf3 Rg6 36. h4 Rh6 37. Kg4 Bg7 38. Nd5 Nf6+ 39. Kf3 Ne8 40. Rg1 Nd6
41. a4 Kh7 42. b3 Nf7 43. Ke2 Nd8 44. b4 Ne6 45. Bf2 Rg6 46. Rc1 Rg2 47. Kf3 Rh2
48. Rc8 Rh3+ 49. Kg4 Rh2 50. Kf3 Rh3+ 51. Kg2 Rb3 52. Re8 Nd4 53. Re7 Ne2 54.
Rxb7 Kh6 55. a5 Nc3 56. Nxc3 Rxc3 57. b5 axb5 58. a6 Ra3 59. a7 Bf6 60. Rb8 1-0

[Event "16th Delhi Open 2018"]
[Site "New Delhi IND"]
[Date "2018.01.13"]
[Round "7.9"]
[White "Nitin, S."]
[Black "Gareyev, Timur"]
[Result "1/2-1/2"]
[WhiteTitle "IM"]
[BlackTitle "GM"]
[WhiteElo "2422"]
[BlackElo "2605"]
[WhiteFideId "5018277"]
[BlackFideId "14200937"]
[EventDate "2018.01.09"]

1. e4 c5 2. Nf3 d6 3. d4 cxd4 4. Nxd4 Nf6 5. Nc3 g6 6. Be3 Bg7 7. f3 Nc6 8. Qe2
O-O 9. O-O-O d5 10. Qe1 e6 11. h4 h5 12. Be2 e5 13. Nxc6 bxc6 14. exd5 cxd5 15.
Bg5 Be6 16. Bc4 Qc7 17. Bxf6 dxc4 18. Bxg7 Kxg7 19. g4 hxg4 20. h5 g5 21. fxg4
f6 22. Qe4 Kh8 23. Nd5 Qh7 24. Qg6 Qg7 25. Ne3 c3 26. Rd6 Qb7 27. Qh6+ Kg8 28.
Qg6+ 1/2-1/2

[Event "16th Delhi Open 2018"]
[Site "New Delhi IND"]
[Date "2018.01.13"]
[Round "7.10"]
[White "Pruijssers, Roeland"]
[Black "Shyaamnikhil, P"]
[Result "1-0"]
[WhiteTitle "GM"]
[BlackTitle "IM"]
[WhiteElo "2536"]
[BlackElo "2397"]
[WhiteFideId "1013068"]
[BlackFideId "5024218"]
[EventDate "2018.01.09"]

1. c4 g6 2. g3 Bg7 3. Bg2 Nf6 4. Nc3 O-O 5. e3 d6 6. Nge2 Nbd7 7. O-O a6 8. b3
Rb8 9. a4 Re8 10. Bb2 e5 11. Qc2 a5 12. d4 exd4 13. exd4 Nf8 14. Rfe1 Bf5 15.
Qd2 Qd7 16. d5 Bh3 17. Bh1 c5 18. dxc6 bxc6 19. Nd4 Rec8 20. Ne4 Nxe4 21. Rxe4
Ne6 22. Nxe6 Bxb2 23. Qxb2 Bxe6 24. Rd1 Qc7 25. Red4 Rd8 26. Qc3 Rb4 27. h4 h5
28. R4d3 c5 29. Qf6 Kh7 30. Re1 Rg8 31. Bd5 Bxd5 32. Re7 Qd8 33. Rxd5 Rg7 34.
Rxd6 1-0

[Event "16th Delhi Open 2018"]
[Site "New Delhi IND"]
[Date "2018.01.13"]
[Round "7.11"]
[White "Tiwari, Arjun"]
[Black "Karthikeyan, P."]
[Result "1/2-1/2"]
[BlackTitle "IM"]
[WhiteElo "2179"]
[BlackElo "2497"]
[WhiteFideId "5011337"]
[BlackFideId "5018226"]
[EventDate "2018.01.09"]

1. e4 e5 2. Nf3 Nc6 3. Nc3 Nf6 4. d4 exd4 5. Nxd4 Bc5 6. Nxc6 bxc6 7. Bd3 O-O 8.
O-O Re8 9. h3 Rb8 10. Qf3 d5 11. exd5 cxd5 12. Bg5 c6 13. Rad1 Be7 14. b3 Be6
15. Rfe1 h6 16. Bf4 Bd6 17. Ne2 c5 18. Bxd6 Qxd6 19. Nf4 Bd7 20. Rxe8+ Rxe8 21.
Nxd5 Nxd5 22. c4 Bc6 23. cxd5 Bxd5 24. Qxd5 Kf8 1/2-1/2

[Event "16th Delhi Open 2018"]
[Site "New Delhi IND"]
[Date "2018.01.13"]
[Round "7.12"]
[White "Deviatkin, Andrei"]
[Black "Erigaisi, Arjun"]
[Result "1-0"]
[WhiteTitle "GM"]
[BlackTitle "FM"]
[WhiteElo "2471"]
[BlackElo "2386"]
[WhiteFideId "4121260"]
[BlackFideId "35009192"]
[EventDate "2018.01.09"]

1. e4 e6 2. d4 d5 3. Nc3 Nf6 4. e5 Nfd7 5. Nce2 c5 6. c3 Nc6 7. Nf3 cxd4 8. cxd4
Ncb8 9. Nfg1 Nc6 10. Nf3 f6 11. Nf4 Bb4+ 12. Bd2 Qe7 13. exf6 Nxf6 14. Nd3 Bd6
15. g3 Ne4 16. Bg2 O-O 17. O-O Nxd2 18. Qxd2 Bd7 19. Qe3 Rac8 20. Rac1 Nb4 21.
Nxb4 Bxb4 22. a3 Ba5 23. h4 Rc5 24. Rc2 Rxc2 25. Rd1 Rc1 26. Rxc1 Rc8 27. Rb1
Qf6 28. Bh3 Rc7 29. Kg2 Bc8 30. b4 Bb6 31. Re1 Rc6 32. Qd3 h6 33. Ne5 Rc7 34.
Re3 Qd8 35. Bg4 Qe8 36. Qd1 Re7 37. Bh5 Qd8 38. Rf3 1-0

[Event "16th Delhi Open 2018"]
[Site "New Delhi IND"]
[Date "2018.01.13"]
[Round "7.13"]
[White "Harsha, Bharathakoti"]
[Black "Gomes, Mary Ann"]
[Result "1-0"]
[WhiteTitle "IM"]
[BlackTitle "WGM"]
[WhiteElo "2451"]
[BlackElo "2328"]
[WhiteFideId "5078776"]
[BlackFideId "5013623"]
[EventDate "2018.01.09"]

1. c4 c5 2. Nf3 Nf6 3. Nc3 g6 4. e4 Bg7 5. d4 cxd4 6. Nxd4 Nc6 7. Be3 O-O 8. Be2
Nxd4 9. Bxd4 d6 10. O-O Bd7 11. Qd2 Bc6 12. f3 Nd7 13. Be3 a5 14. b3 Nc5 15.
Rab1 e6 16. Bd1 Qe7 17. Bc2 Rfd8 18. Rfd1 Be5 19. a3 Qh4 20. h3 Qe7 21. Bg5 Bf6
22. Bxf6 Qxf6 23. f4 b6 24. Qe3 e5 25. f5 gxf5 26. exf5 Kh8 27. b4 axb4 28. axb4
Rg8 29. Rd2 Nd7 30. Be4 Bxe4 31. Nxe4 Qxf5 32. Rf1 Qg6 33. Nxd6 f6 34. c5 bxc5
35. bxc5 Ra6 36. Nf5 Qe8 37. Rd6 Qa8 38. c6 Rxc6 39. Rxd7 Rxg2+ 40. Kxg2 Rc2+
41. Kg3 Qg2+ 42. Kh4 Rc4+ 43. Nd4 Qxf1 44. Rd8+ Kg7 45. Qg3+ Kh6 46. Qe3+ Kg7
47. Kh5 Rxd4 48. Qg3+ 1-0

[Event "16th Delhi Open 2018"]
[Site "New Delhi IND"]
[Date "2018.01.13"]
[Round "7.14"]
[White "Gusain, Himal"]
[Black "Koustav, Chatterjee"]
[Result "0-1"]
[WhiteTitle "IM"]
[WhiteElo "2450"]
[BlackElo "2288"]
[WhiteFideId "5033861"]
[BlackFideId "25073060"]
[EventDate "2018.01.09"]

1. e4 c5 2. Nf3 e6 3. d4 cxd4 4. Nxd4 Nc6 5. Nc3 Qc7 6. Be3 a6 7. a3 Nf6 8. f4
d6 9. Qf3 Bd7 10. Be2 Be7 11. O-O-O Rc8 12. f5 Nxd4 13. Rxd4 O-O 14. Kb1 Qa5 15.
g4 Rxc3 16. bxc3 d5 17. exd5 Nxd5 18. Rxd5 exd5 19. Rd1 Bc6 20. Bd4 Bxa3 21. f6
g6 22. Bd3 Re8 23. Qf2 Bb5 24. Bb6 Qxc3 25. Qd4 Qa5 26. Qf2 Qc3 27. Qd4 Qc6 28.
g5 Bxd3 29. Rxd3 Re1+ 30. Ka2 Bb4 31. Kb2 Re2 32. Kb3 a5 33. c3 Bf8 34. Bxa5 Re4
35. Qxe4 dxe4 36. Rd8 Qe6+ 37. Kb2 h6 38. Bb4 hxg5 39. Rxf8+ Kh7 40. Kc2 e3 41.
Kd1 Qxf6 42. Bc5 Qf2 43. Kc1 Qd2+ 44. Kb1 e2 45. Rxf7+ Kg8 0-1

[Event "16th Delhi Open 2018"]
[Site "New Delhi IND"]
[Date "2018.01.13"]
[Round "7.15"]
[White "Dzhumaev, Marat"]
[Black "Neelash, Saha"]
[Result "1-0"]
[WhiteTitle "GM"]
[WhiteElo "2434"]
[BlackElo "2105"]
[WhiteFideId "14200236"]
[BlackFideId "5094160"]
[EventDate "2018.01.09"]

1. e4 c5 2. Nf3 e6 3. Nc3 Nc6 4. d4 cxd4 5. Nxd4 Qc7 6. Be3 a6 7. Be2 Nf6 8. O-O
Bb4 9. Na4 Be7 10. c4 Nxe4 11. Bf3 Ng5 12. c5 Nxd4 13. Bxd4 Qf4 14. Be2 b5 15.
Nb6 Rb8 16. Be3 Qc7 17. Qc1 Ne4 18. Bf4 Bd6 19. Bxd6 Nxd6 20. Qf4 Qxc5 21. Nxc8
Rxc8 22. Rac1 Qb6 23. Qxd6 Qxd6 24. Rxc8+ Ke7 25. Rxh8 Qd2 26. Bf3 Qxb2 27. Rb8
d5 28. a4 Qb3 29. axb5 axb5 30. Ra1 Kf6 31. Rc8 Qb2 32. Rcc1 b4 33. Rcb1 Qd2 34.
g3 g5 35. Kg2 Qd4 36. h3 b3 37. Ra3 h5 38. g4 hxg4 39. hxg4 b2 40. Rb3 e5 41.
R1xb2 e4 42. Be2 Ke5 43. Kg3 f5 44. gxf5 Kxf5 45. Bg4+ Ke5 46. Re2 Qa1 47. Kg2
Kf4 48. Rg3 Qa6 49. Rd2 Qc6 50. Bh5 Qe6 51. Rd1 Qe5 52. Re1 Kf5 53. Bg4+ Kf4 54.
Bh3 Qf6 55. Kg1 Ke5 56. Bg2 Qf4 57. Rge3 Kf5 58. Rd1 Ke5 59. Re2 g4 60. Re3 g3
61. Rxg3 d4 62. Rg8 Qf7 63. Rg4 e3 64. Re4+ Kf5 65. fxe3 Qb3 66. Rf1+ Kg5 67.
exd4 Qd3 68. d5 Kg6 69. Rg4+ Kh5 70. Bf3 Qe3+ 71. Kg2 Qd2+ 72. Kg3 1-0

[Event "16th Delhi Open 2018"]
[Site "New Delhi IND"]
[Date "2018.01.13"]
[Round "7.16"]
[White "Navalgund, Niranjan"]
[Black "Gupta, Abhijeet"]
[Result "0-1"]
[BlackTitle "GM"]
[WhiteElo "2312"]
[BlackElo "2610"]
[WhiteFideId "5030854"]
[BlackFideId "5010608"]
[EventDate "2018.01.09"]

1. d4 Nf6 2. c4 Nc6 3. Nc3 e5 4. d5 Ne7 5. h4 Neg8 6. e3 Bc5 7. Bd3 a6 8. Nf3 d6
9. Qc2 Qe7 10. a3 Nh6 11. Ng5 Nhg4 12. Nge4 Nxe4 13. Nxe4 Ba7 14. Ng3 h5 15. Qe2
g6 16. f3 Nf6 17. e4 Nd7 18. Bd2 Bd4 19. Rb1 b5 20. cxb5 Nc5 21. Bc4 axb5 22.
Bxb5+ Bd7 23. b4 Na4 24. Rb3 O-O 25. Bxd7 Qxd7 26. Be3 c5 27. dxc6 Qxc6 28. O-O
Rfc8 29. Kh2 Nc3 30. Qd3 Qa4 31. Bxd4 Qxb3 32. Bxc3 Qxc3 33. Qxd6 Rxa3 34. Qf6
Ra2 35. Rg1 Qe3 36. Qxe5 Qxf3 37. Qg5 Qg4 38. Qxg4 hxg4 39. Nf1 Rc3 40. Ng3 Kg7
41. Rb1 Rcc2 42. Rg1 Rab2 0-1

[Event "16th Delhi Open 2018"]
[Site "New Delhi IND"]
[Date "2018.01.13"]
[Round "7.17"]
[White "Sankalp, Gupta"]
[Black "Solodovnichenko, Yuri"]
[Result "1-0"]
[BlackTitle "GM"]
[WhiteElo "2303"]
[BlackElo "2571"]
[WhiteFideId "5097010"]
[BlackFideId "14104369"]
[EventDate "2018.01.09"]

1. e4 c5 2. Nf3 Nc6 3. d4 cxd4 4. Nxd4 e6 5. Nc3 d6 6. Be3 Nf6 7. f4 Be7 8. Qe2
Nxd4 9. Bxd4 O-O 10. O-O-O Qa5 11. Qe1 b6 12. Kb1 Bb7 13. Bd3 Rfd8 14. Rg1 Rac8
15. g4 Qb4 16. g5 Qxd4 17. Ba6 Qxg1 18. Qxg1 Bxa6 19. gxf6 Bxf6 20. Qg3 Bb7 21.
Qe3 Rc5 22. Rd2 h6 23. Rd3 Rdc8 24. Qe1 R8c6 25. Qd2 Kh7 26. e5 dxe5 27. Rd7 Rc7
28. Qd3+ Kg8 29. Rxc7 Rxc7 30. Qd6 Re7 31. fxe5 Bg5 32. Nb5 Re8 33. Qc7 Bd5 34.
Nd6 Re7 35. Qd8+ Kh7 36. h4 Bxh4 37. Nc8 Rb7 38. Qxh4 g5 39. Qf2 Rd7 40. Nd6 f5
41. exf6 1-0

[Event "16th Delhi Open 2018"]
[Site "New Delhi IND"]
[Date "2018.01.13"]
[Round "7.18"]
[White "Tukhaev, Adam"]
[Black "Muthaiah, AL"]
[Result "1/2-1/2"]
[WhiteTitle "GM"]
[WhiteElo "2570"]
[BlackElo "2291"]
[WhiteFideId "14109476"]
[BlackFideId "5092442"]
[EventDate "2018.01.09"]

1. e4 c5 2. Nf3 e6 3. c3 Nf6 4. e5 Nd5 5. d4 cxd4 6. cxd4 d6 7. Bc4 Be7 8. O-O
O-O 9. Qe2 Nc6 10. Re1 Na5 11. Bxd5 exd5 12. Nc3 Be6 13. Bf4 a6 14. Qd3 h6 15.
Re2 Nc6 16. Rae1 dxe5 17. dxe5 d4 18. Ne4 Nb4 19. Qd1 d3 20. Rd2 Bxa2 21. b3 Rc8
22. Nd6 Rc2 23. Nd4 Bg5 24. g3 Bxf4 25. gxf4 Qh4 26. Nxc2 Bxb3 27. Qf3 Nxc2 28.
Rb1 Nd4 29. Qxd3 Bd5 30. Qxd4 Qg4+ 31. Kf1 Qg2+ 32. Ke1 Qh1+ 33. Ke2 Qf3+ 34.
Ke1 Qh1+ 35. Ke2 1/2-1/2

[Event "16th Delhi Open 2018"]
[Site "New Delhi IND"]
[Date "2018.01.13"]
[Round "7.19"]
[White "Kathmale, Sameer"]
[Black "Ghosh, Diptayan"]
[Result "1-0"]
[WhiteTitle "IM"]
[BlackTitle "GM"]
[WhiteElo "2300"]
[BlackElo "2556"]
[WhiteFideId "5024498"]
[BlackFideId "5045207"]
[EventDate "2018.01.09"]

1. e4 e5 2. Nf3 Nc6 3. Bb5 a6 4. Ba4 Nf6 5. d3 d6 6. c3 Be7 7. Nbd2 O-O 8. O-O
Re8 9. Re1 Bf8 10. Nf1 b5 11. Bc2 h6 12. h3 Bb7 13. Ng3 Nb8 14. a4 Nbd7 15. d4
g6 16. Bd3 c6 17. b3 Bg7 18. Bb2 Qc7 19. Qc2 Nf8 20. axb5 cxb5 21. d5 N8d7 22.
b4 Nb6 23. Nd2 Rac8 24. Rec1 h5 25. Ngf1 Bh6 26. Ra3 Qe7 27. Qd1 h4 28. Ne3 Bxe3
29. fxe3 Nh5 30. c4 bxc4 31. Nxc4 Nxc4 32. Bxc4 Ng3 33. Bxa6 Rxc1 34. Bxc1 Bxa6
35. Rxa6 Nxe4 36. Ba3 Rc8 37. Qg4 Qb7 38. b5 Rc4 39. Rc6 Ra4 40. Qxh4 g5 41. Qg4
Qxb5 42. Rc8+ Kg7 43. Qh5 Qf1+ 44. Kxf1 Ng3+ 45. Kf2 Nxh5 46. Bxd6 Ra2+ 47. Ke1
f6 48. Bc5 Ng3 49. Rc7+ Kg6 50. d6 Ra1+ 51. Kd2 Ne4+ 52. Kc2 Ra2+ 53. Kd3 f5 54.
Bb4 Ra1 55. d7 Rd1+ 56. Kc2 Rd5 57. Be7 1-0

[Event "16th Delhi Open 2018"]
[Site "New Delhi IND"]
[Date "2018.01.13"]
[Round "7.20"]
[White "Matta, Vinay Kumar"]
[Black "Lalith, Babu M R"]
[Result "0-1"]
[WhiteTitle "FM"]
[BlackTitle "GM"]
[WhiteElo "2269"]
[BlackElo "2542"]
[WhiteFideId "5016649"]
[BlackFideId "5024595"]
[EventDate "2018.01.09"]

1. e4 Nf6 2. e5 Nd5 3. d4 d6 4. c4 Nb6 5. exd6 cxd6 6. Nc3 g6 7. Be3 Bg7 8. Rc1
Nc6 9. Be2 O-O 10. Nf3 Bg4 11. b3 d5 12. c5 Nc8 13. O-O e6 14. Ne1 Bxe2 15. Nxe2
b6 16. Nf3 N8e7 17. Qd2 Nf5 18. Bf4 Rc8 19. b4 h6 20. h3 bxc5 21. Rxc5 g5 22.
Rfc1 Qd7 23. Bh2 Nd6 24. Bxd6 Qxd6 25. b5 Ne7 26. Qa5 Qb6 27. Qxb6 axb6 28. Rc7
Rxc7 29. Rxc7 Nf5 30. Rb7 Ra8 31. g4 Rxa2 32. gxf5 Rxe2 33. fxe6 Rxe6 34. Rd7
Kf8 35. Rxd5 Ke7 36. Nd2 Re1+ 37. Kg2 Rc1 38. Ne4 Rc4 39. Nd6 Ra4 40. Ne4 Ra7
41. Ng3 Ra4 42. Ne2 Bf6 43. Rf5 Bxd4 44. Ng3 Ke6 45. Rf3 Be5 46. Re3 Rb4 47. Ne2
Kf6 48. Rf3+ Kg6 49. Rd3 Rxb5 50. f4 Bxf4 51. Nxf4+ gxf4 52. Rd6+ f6 53. Kf3 Kf5
54. Rd3 Re5 55. Rd6 Re3+ 56. Kf2 Rb3 57. Rc6 b5 58. Rb6 h5 59. Rd6 b4 60. Rb6
Rb1 61. Kf3 b3 62. Rb4 Kg6 0-1

[Event "16th Delhi Open 2018"]
[Site "New Delhi IND"]
[Date "2018.01.14"]
[Round "8.1"]
[White "Naiditsch, Arkadij"]
[Black "Karthikeyan, Murali"]
[Result "1-0"]
[WhiteTitle "GM"]
[BlackTitle "GM"]
[WhiteElo "2701"]
[BlackElo "2580"]
[WhiteFideId "4650891"]
[BlackFideId "5074452"]
[EventDate "2018.01.09"]

1. e4 e5 2. Nf3 Nc6 3. Bb5 Nf6 4. O-O Nxe4 5. d4 Nd6 6. Bxc6 dxc6 7. dxe5 Nf5 8.
Qxd8+ Kxd8 9. h3 Ke8 10. Nc3 h5 11. Bf4 Be6 12. Ng5 Be7 13. Nxe6 fxe6 14. Rad1
g5 15. Bc1 g4 16. Kh2 Rg8 17. Ne4 Rc8 18. g3 Kf7 19. Rd7 Kg6 20. Rfd1 Rgd8 21.
c3 b6 22. h4 Rxd7 23. Rxd7 Kf7 24. Nf6 Kg6 25. Bg5 c5 26. Ne4 Rf8 27. Rxc7 Bxg5
28. Nxg5 Rd8 29. Rf7 1-0